Participantes da Série D 2021 - Statistics

Estatísticas Gerais
  • Esse quiz foi jogado 30 vezes
  • A pontuação média é 34 de 64
Estatísticas das Respostas
Estado Grupo Time % Correto
Espírito Santo Rio Branco
86%
Paraná Rio Branco
86%
Distrito Federal Brasiliense
82%
Rio Grande do Norte Grupo A3 ABC
77%
Rio Grande do Norte América
77%
Acre Grupo A1 Atlético-AC
77%
Distrito Federal Gama
77%
São Paulo Portuguesa
77%
Pará Castanhal
68%
São Paulo Ferroviária
68%
Tocantins Palmas
68%
Alagoas Grupo A4 ASA
64%
Paraíba Campinense
64%
Bahia Juazeirense
64%
Maranhão Moto Club
64%
Sergipe Sergipe
64%
Piauí Grupo A2 4 de Julho
59%
Ceará Atlético-CE
59%
Paraná Cascavel
59%
Goiás Goianésia
59%
Roraima Grêmio Atlético Sampaio (GAS)
59%
Santa Catarina Joinville
59%
Santa Catarina Juventus
59%
Bahia Bahia de Feira
55%
Minas Gerais Caldense
55%
Rio Grande do Sul Caxias
55%
Amazonas Fast
55%
Acre Galvez
55%
Maranhão Imperatriz
55%
Amazonas Penarol
55%
São Paulo Santo André
55%
Paraíba Treze
55%
Rio Grande do Sul Grupo A8 Aimoré
50%
Goiás Grupo A5 Aparecidense
50%
Rio de Janeiro Grupo A7 Bangu
50%
Paraná Cianorte
50%
São Paulo Inter de Limeira
50%
Maranhão Juventude Samas
50%
Santa Catarina Marcílio Dias
50%
Pará Paragominas
50%
Minas Gerais Patrocinense
50%
Roraima São Raimundo
50%
Mato Grosso do Sul Grupo A6 Águia Negra
45%
Bahia Atlético-BA
45%
Rio de Janeiro Boavista
45%
Ceará Caucaia
45%
Rondônia Porto Velho
45%
Paraíba Sousa
45%
Minas Gerais Boa Esporte
41%
Pernambuco Central
41%
Mato Grosso Nova Mutum
41%
Pernambuco Retrô
41%
Amapá Ypiranga
41%
Rio Grande do Sul Esportivo
36%
Ceará Guarany de Sobral
36%
Sergipe Itabaiana
36%
Rio de Janeiro Madureira
36%
Alagoas Murici
36%
Tocantins Tocantinópolis
36%
Minas Gerais Uberlândia
36%
Goiás Jaraguá
32%
Espírito Santo Rio Branco VN
32%
Mato Grosso União Rondonópolis
27%
São Paulo São Bento
23%
Nenhum quiz correspondente encontrado
Distribuição das Pontuações
Porcentagem de Pessoas com Cada Pontuação
Percentil de Números Respondidos
Sua Pontuação Histórica
Você não jogou esse quiz